Analýza vplyvu preferencie MHD vo vybraných križovatkách

Guardado en:
Detalles Bibliográficos
Autor principal: Zavadiak, Andrii (Autor)
Otros Autores: Takács, Jakub (Orientador)
Formato: Manuscrito Libro
Lenguaje:eslovaco
Publicado: 2025
Materias:
Acceso en línea:http://is.stuba.sk/zp/portal_zp.pl?podrobnosti=174524
CRZP
Etiquetas: Agregar Etiqueta
Sin Etiquetas, Sea el primero en etiquetar este registro!

MARC

LEADER 00000ntm a22000003a 4500
001 stuzp104848
003 SK-STU
005 20250801124139.3
007 ta
008 150427s2015----xo-----f-mn---000-0-slo-d
040 |a STU  |b slo 
041 0 |a slo 
100 1 |a Zavadiak, Andrii  |u 010120  |4 aut  |U SvF Stavebná fakulta  |T SvF Katedra dopravných stavieb  |X 120010  |U V120  |Y 12  |7 120010 
242 0 1 |a Analysis of the impact of public transport preference at selected intersections  |y eng 
245 1 0 |a Analýza vplyvu preferencie MHD vo vybraných križovatkách 
260 |c 2025 
650 4 |a Preferencia MHD  |2 slo 
650 4 |a Svetelne riadená križovatka  |2 slo 
650 4 |a Dopravný prieskum  |2 slo 
650 4 |a Public Transport Priority  |2 eng 
650 4 |a Traffic Light Controlled Intersection  |2 eng 
650 4 |a Traffic Survey  |2 eng 
700 1 |a Takács, Jakub  |u 010120  |k Z1  |4 ths  |U SvF Stavebná fakulta  |T SvF Katedra dopravných stavieb  |X 75776  |U V120  |Y 12  |7 75776 
856 4 |u http://is.stuba.sk/zp/portal_zp.pl?podrobnosti=174524 
856 4 |u https://opac.crzp.sk/?fn=detailBiblioForm&sid=C9A1C75A261DD259F980431E26A3  |z CRZP